000 00549nam a2200217Ia 4500
003 OSt
005 20240210092601.0
008 210210b2015 xxu||||| |||| 00| 0 eng d
020 _a9789381695746
040 _cAL
041 _aeng
082 _a658.87 SINR
100 _aSINGH (Kuldeep)
_9150296
245 _aRetail managemnet in new dimension
250 _a2
260 _aNew Delhi
_bGlobal academic publishers & distributors
_c2015
300 _axix,507
690 _aRetail Management
_9150303
906 _a072733
942 _2ddc
_cBK
999 _c122546
_d122546